000 01375nam a2200337 a 4500
001 ebr10346307
003 CaPaEBR
006 m u
007 cr cn|||||||||
008 080528s2009 enka sb 001 0 eng
010 _z 2008022822
020 _z9780470725399 (cloth : alk. paper)
020 _z0470725397 (cloth : alk. paper)
040 _aCaPaEBR
_cCaPaEBR
035 _a(OCoLC)297117304
050 1 4 _aLC3993
_b.H96 2009eb
082 0 4 _a371.95
_222
100 1 _aHymer, Barry.
245 1 0 _aGifts, talents and education
_h[electronic resource] :
_ba living theory approach /
_cBarry Hymer, Jack Whitehead and Marie Huxtable.
260 _aChichester, West Sussex ;
_aMalden, MA :
_bWiley-Blackwell,
_c2009.
300 _axii, 182 p. :
_bill.
504 _aIncludes bibliographical references (p. [167]-178) and index.
533 _aElectronic reproduction.
_bPalo Alto, Calif. :
_cebrary,
_d2013.
_nAvailable via World Wide Web.
_nAccess may be limited to ebrary affiliated libraries.
650 0 _aGifted children
_xEducation.
650 0 _aGifted children
_xEducation
_xResearch.
655 7 _aElectronic books.
_2local
700 1 _aWhitehead, Jack.
700 1 _aHuxtable, Marie.
710 2 _aebrary, Inc.
856 4 0 _uhttp://site.ebrary.com/lib/rucke/Doc?id=10346307
_zAn electronic book accessible through the World Wide Web; click to view
999 _c48330
_d48330